| 000 | 01496nac a2200301 a 4500 | ||
|---|---|---|---|
| 003 | Co-PeBPM | ||
| 005 | 20241012013102.0 | ||
| 007 | ta | ||
| 008 | 241011s2010 ck |||| |||| 00| 0 spa d | ||
| 020 | _aISBN 13: 9789584249678 | ||
| 020 | _aISBN 10: 9584249673 | ||
| 040 |
_aCo-PeBPM _bspa _cCo-PeBPM _erda |
||
| 041 | _aspa | ||
| 082 | 0 | 4 |
_a813 D353b _222 |
| 100 | 1 | 0 |
_aDeLillo, Don _eautor |
| 245 | 1 | 0 |
_aBody Art _c/ Don DeLillo; traducción del inglés por Gian Castelli |
| 250 | _aPrimera edición | ||
| 260 |
_aBogotá, Colombia _bBarcelona ; Bogotá : Editorial Planeta : Seix Barral, _c2016 |
||
| 300 |
_a142 páginas _c23 centímetros |
||
| 490 | _aBiblioteca Formentor | ||
| 500 | _aContiene datos biográficos del autor en la solapa del texto | ||
| 520 | _aDespués del inexplicable suicidio de su marido, el director de cine Rey Robla, Lauren regresa a la vieja casa junto al mar en la que vivió con él. Allí se encuentra con el dolor y la soledad. Pero pronto se rompe el imperante silencio: Lauren descubre que en el piso de arriba habita un extraño hombre capaz de reproducir las conversaciones privadas de Lauren y su marido. ¿Es este hombre una persona real o es simplemente el producto de una ensoñación de la mente de Lauren? | ||
| 650 | 1 | 4 |
_aLiteratura estadounidense _2LEMB |
| 650 | 1 | 4 |
_aNovelas estadounidenses _2LEMB |
| 700 |
_aCastelli, Gian _etraducción |
||
| 942 |
_2ddc _cBK _n0 |
||
| 999 |
_c60052 _d60052 |
||